[Event "XLI MIEDZYNARODOWY MEMORIAL LUDWIKA ZAMENHOFA 2022 - open A"]
[Site "Bialystok"]
[Date "1899-12-30"]
[Round "2.15"]
[White "Kubicka, Anna"]
[Black "Mis, Mieszko"]
[Result "1-0"]
[WhiteTitle "WIM"]
[BlackTitle "FM"]
[WhiteElo "2217"]
[BlackElo "2389"]

1. e4 d5 2. exd5 Qxd5 3. Nc3 Qa5 4. d4 Nf6 5. Nf3 Bf5 6. Ne5 c6 7. Bc4 e6 8. g4
Bg6 9. h4 Nbd7 10. Nxd7 Nxd7 11. h5 Be4 12. O-O Bd5 13. Nxd5 cxd5 14. Bd3 Bd6
15. Qf3 g6 16. h6 O-O 17. Bf4 Bxf4 18. Qxf4 Qd8 19. Bb5 Qf6 20. Qe3 Nb8 21. f4
Nc6 22. c3 a6 23. Bxc6 bxc6 24. Qe5 Qxe5 25. fxe5 a5 26. g5 Rab8 27. Rfb1 Ra8
28. a4 Rfb8 29. b4 axb4 30. Rxb4 Rxb4 31. cxb4 Kf8 32. Kf2 Rb8 33. Rb1 Ke7 34.
Ke3 Ra8 35. a5 Ra7 36. Kd3 Kd7 37. Kc3 Kc8 38. Rf1 Rc7 39. Kb3 Kb7 40. Ka4 Ka6
41. Rc1 Ka7 42. Rc5 Rc8 43. b5 cxb5+ 44. Kxb5 Rb8+ 45. Kc6 Rb4 46. Kd6 Rxd4 47.
Rc7+ Ka6 48. Rxf7 Rg4 49. Rxh7 d4 50. Kxe6 Rxg5 51. Rd7 Rh5 52. h7 d3 53. Kf6
d2 54. Kxg6 d1=N 1-0

[Event "XLI MIEDZYNARODOWY MEMORIAL LUDWIKA ZAMENHOFA 2022 - open A"]
[Site "Bialystok"]
[Date "1899-12-30"]
[Round "2.16"]
[White "Bogdanov, Egor"]
[Black "Raczek, Krzysztof"]
[Result "1-0"]
[WhiteTitle "IM"]
[BlackTitle "k"]
[WhiteElo "2381"]
[BlackElo "2161"]

1. e4 c6 2. d4 d5 3. exd5 cxd5 4. c4 Nf6 5. Nc3 e6 6. Nf3 Bb4 7. cxd5 Nxd5 8. Bd2
Nc6 9. Bd3 O-O 10. O-O Be7 11. Bb1 Bf6 12. Qc2 g6 13. Bh6 Re8 14. Rd1 Nce7 15.
Qb3 b6 16. Bd3 Nf5 17. Bxf5 Nxc3 18. bxc3 exf5 19. Rac1 Bb7 20. d5 Qd7 21. c4
Rac8 22. Be3 Re4 23. h3 Ba6 24. Bd4 Bxd4 25. Nxd4 Rc5 26. f3 Rh4 27. Qe3 f4 28.
Qe4 Rxc4 29. Rxc4 Bxc4 30. Nc6 b5 31. d6 Be6 32. Ne5 Qd8 33. d7 Rh5 34. Nc6 Qb6+
35. Kh1 Bxd7 36. Rxd7 Qe3 37. Qxe3 fxe3 38. Re7 Rc5 39. Nxa7 Rc1+ 40. Kh2 Ra1
41. Rxe3 b4 42. Nc6 Rxa2 43. Nxb4 Ra7 44. Nd5 Kf8 45. Kg3 Ra5 46. Rd3 Rc5 47.
f4 Kg7 48. Kf3 Rc1 49. Ne3 Kf6 50. Rd6+ Ke7 51. Ra6 Kf8 52. Ra7 Kg7 53. Ng4 Rc3+
54. Kf2 Rc2+ 55. Kg3 Rc3+ 56. Kh2 Rc4 57. Rxf7+ Kh8 58. Nf6 Re4 59. Rxh7# 1-0

[Event "XLI MIEDZYNARODOWY MEMORIAL LUDWIKA ZAMENHOFA 2022 - open A"]
[Site "Bialystok"]
[Date "1899-12-30"]
[Round "2.17"]
[White "Malek, Jan"]
[Black "Lehaci, Miruna-daria"]
[Result "1-0"]
[WhiteTitle "m"]
[BlackTitle "WIM"]
[WhiteElo "2376"]
[BlackElo "2155"]

1. Nf3 d5 2. d4 e6 3. c4 a6 4. cxd5 exd5 5. Nc3 c6 6. Qc2 Bd6 7. Bg5 Ne7 8. Rc1
f6 9. Bh4 Bf5 10. Qb3 Ra7 11. Bg3 Bg6 12. Nh4 Bf7 13. e3 O-O 14. Bd3 g6 15. O-O
Nc8 16. Na4 Nd7 17. Nf3 Kg7 18. Qc2 Ra8 19. b4 Qe7 20. Nc5 Bxg3 21. hxg3 Nd6 22.
Nd2 Nb6 23. Rfe1 Rae8 24. Re2 Qd8 25. a4 h5 26. Nf3 g5 27. a5 Nbc8 28. Nd2 g4
29. f3 Ne7 30. Kf2 Rh8 31. Rh1 Qc8 32. Ree1 Bg6 33. e4 dxe4 34. fxe4 Nb5 35. Qb2
Nc7 36. Nc4 Qb8 37. Nd6 Reg8 38. d5 Kh7 39. Nd7 Qd8 40. Nxf6+ Kh6 41. Nxg4+ Kh7
42. Nf6+ Kh6 43. Nxg8+ Rxg8 44. Qf6 Kh7 45. e5 1-0

[Event "XLI MIEDZYNARODOWY MEMORIAL LUDWIKA ZAMENHOFA 2022 - open A"]
[Site "Bialystok"]
[Date "1899-12-30"]
[Round "2.18"]
[White "Stremavicius, Pijus"]
[Black "Jarocka, Liwia"]
[Result "1/2-1/2"]
[WhiteTitle "FM"]
[BlackTitle "FM"]
[WhiteElo "2369"]
[BlackElo "2143"]

1. b3 d5 2. Bb2 Nf6 3. Nf3 Bf5 4. Nh4 Bg4 5. h3 Bh5 6. g4 Bg6 7. Nxg6 hxg6 8. Bg2
c6 9. d3 e6 10. e3 Bd6 11. g5 Nh5 12. h4 Nd7 13. Nd2 Qe7 14. a3 O-O-O 15. b4 Kb8
16. c4 Ne5 17. Bxe5 Bxe5 18. d4 Bc7 19. cxd5 exd5 20. Qe2 Rhe8 21. Bf3 Nf4 22.
Qf1 Ne6 23. Qd3 Nxd4 24. O-O-O Nf5 25. Bg4 Nd6 26. Kb1 a5 27. bxa5 Bxa5 28. Ka2
Bxd2 29. Rxd2 Nc4 30. Rc2 Kc7 31. Rc3 Ra8 32. Rb1 Ra5 33. Rbb3 b5 34. Qd4 Rea8
35. Qxg7 Nd2 36. Rb4 Nc4 37. Rbb3 b4 38. Rd3 Rxa3+ 39. Rxa3 Rxa3+ 40. Rxa3 bxa3
41. Qh8 Nb6 42. Qd4 Kb7 43. Be2 c5 44. Qd3 c4 45. Qxa3 Qe4 46. Qc3 Ka6 47. Qa3+
Kb7 48. Qb2 Qxh4 49. Qf6 Ka6 50. Kb2 Qe4 51. Qxf7 Qe5+ 52. Kc2 Qxg5 53. f4 Qg2
54. Kd2 Qe4 55. Qf6 Kb7 56. Qg7+ Ka6 57. Qa1+ Kb7 58. Qc3 Ka6 59. Bd1 Qg2+ 60.
Kc1 Qg1 61. Qd4 Qe1 62. Qd2 Qg1 63. Kb2 Qg3 64. Bc2 Qg4 65. Kc3 Qg1 66. Kb2 Qg4
67. Qd4 Qe2 68. Kb1 Qe1+ 69. Ka2 Qa5+ 70. Kb1 Qe1+ 71. Ka2 Qa5+ 72. Kb1 1/2-1/2

[Event "XLI MIEDZYNARODOWY MEMORIAL LUDWIKA ZAMENHOFA 2022 - open A"]
[Site "Bialystok"]
[Date "1899-12-30"]
[Round "2.19"]
[White "Malisauskas, Vidmantas"]
[Black "Dzhuguryan, Tygran"]
[Result "1-0"]
[WhiteTitle "GM"]
[BlackTitle "k+"]
[WhiteElo "2364"]
[BlackElo "2134"]

1. Nf3 Nf6 2. c4 e6 3. Nc3 d5 4. d4 Bb4 5. Bg5 O-O 6. e3 dxc4 7. Bxc4 c5 8. O-O
cxd4 9. exd4 Nc6 10. Rc1 Be7 11. a3 b6 12. Qd3 Bb7 13. Rfd1 Rc8 14. Ba2 Nd5 15.
h4 h6 16. Nxd5 exd5 17. Bb1 f5 18. Bxe7 Qxe7 19. Re1 Qf6 20. Ba2 Na5 21. Ne5 Rfe8
22. Qf3 Rc4 23. Nxc4 Rxe1+ 24. Rxe1 dxc4 25. Qf4 Be4 26. Bb1 Bxb1 27. Rxb1 Nc6
28. Rd1 Kh7 29. d5 Ne5 30. d6 Nd3 31. Qxc4 Nxb2 32. Qd4 1-0

[Event "XLI MIEDZYNARODOWY MEMORIAL LUDWIKA ZAMENHOFA 2022 - open A"]
[Site "Bialystok"]
[Date "1899-12-30"]
[Round "2.20"]
[White "Czernek, Tymon"]
[Black "Baginskaite, Kamile"]
[Result "1-0"]
[WhiteTitle "FM"]
[BlackTitle "WGM"]
[WhiteElo "2302"]
[BlackElo "2117"]

1. e4 c5 2. Nf3 d6 3. d4 cxd4 4. Nxd4 Nf6 5. Nc3 a6 6. Be3 e5 7. Nb3 Be6 8. f4
exf4 9. Bxf4 Nc6 10. Qe2 Ne5 11. h3 Be7 12. O-O-O Qc7 13. g4 g6 14. Nd4 O-O-O
15. Qf2 Kb8 16. Kb1 Rc8 17. Be3 Nc4 18. Nxe6 fxe6 19. Bxc4 Qxc4 20. Rd4 Qc6 21.
g5 Nh5 22. Rhd1 Rhf8 23. Qe2 Ng7 24. Rb4 d5 25. exd5 exd5 26. Bf4+ Bd6 27. Nxd5
Bxf4 28. Rxf4 Rxf4 29. Nxf4 Nf5 30. Nd5 Ka8 31. c4 b5 32. cxb5 axb5 33. a3 Rd8
34. Nc3 Rb8 35. Qe5 Ka7 36. Qf4 Re8 37. Qb4 Re5 38. Qa5+ Kb7 39. a4 Nd6 40. Qd8
Re6 41. axb5 1-0

[Event "XLI MIEDZYNARODOWY MEMORIAL LUDWIKA ZAMENHOFA 2022 - open A"]
[Site "Bialystok"]
[Date "1899-12-30"]
[Round "2.21"]
[White "Sowinski, Pawel"]
[Black "Chylewski, Patryk"]
[Result "1/2-1/2"]
[WhiteTitle "k"]
[BlackTitle "IM"]
[WhiteElo "2064"]
[BlackElo "2291"]

1. c4 e6 2. Nf3 Nf6 3. g3 b6 4. Bg2 Bb7 5. O-O c5 6. b3 Be7 7. Bb2 O-O 8. d4 d6
9. Nc3 Nbd7 10. Re1 Ne4 11. Qd3 d5 12. cxd5 exd5 13. e3 Ndf6 14. Nd2 Nxc3 15.
Bxc3 Rc8 16. Rac1 Re8 17. Bb2 cxd4 18. Bxd4 Nd7 19. Qf5 Rxc1 20. Rxc1 Nc5 21.
Bb2 Bf8 22. h4 Qd6 23. Rd1 Qe6 24. Qb1 h6 25. Kh2 Ba6 26. Bh3 Qc6 27. Qc2 Qb5
28. Nb1 Qe2 29. Qxe2 Bxe2 30. Rd2 Ba6 31. Kg1 Bb7 32. Nc3 Ne4 33. Rd1 Nxc3 34.
Bxc3 Be7 35. Bb2 g6 36. a3 h5 37. Rc1 Bd6 38. Bg2 Rd8 39. Bf6 Rc8 40. Rxc8+ Bxc8
41. b4 Bb7 42. Kf1 a5 43. Bc3 Kf8 44. bxa5 1/2-1/2

[Event "XLI MIEDZYNARODOWY MEMORIAL LUDWIKA ZAMENHOFA 2022 - open A"]
[Site "Bialystok"]
[Date "1899-12-30"]
[Round "2.22"]
[White "Jarzebowski, Kacper"]
[Black "Paszewski, Mateusz"]
[Result "1/2-1/2"]
[WhiteTitle "k+"]
[BlackTitle "FM"]
[WhiteElo "2086"]
[BlackElo "2282"]

1. e4 c6 2. Nc3 d5 3. Nf3 Bg4 4. h3 Bxf3 5. Qxf3 e6 6. g3 Nd7 7. Bg2 Bd6 8. O-O
Ne7 9. d3 O-O 10. Qe2 Re8 11. d4 b5 12. e5 Bc7 13. Qg4 Bb6 14. Bg5 Qc7 15. Bxe7
Rxe7 16. Ne2 c5 17. c3 Rc8 18. b4 cxb4 19. cxb4 Qd8 20. Rfc1 Rxc1+ 21. Rxc1 Nb8
22. Nf4 Rc7 23. Rxc7 Bxc7 24. h4 Bb6 25. Bf1 a6 26. Bd3 Kh8 27. Qh5 g6 28. Qh6
Nd7 29. h5 Qf8 30. Qg5 Bxd4 31. hxg6 fxg6 32. Nxg6+ hxg6 33. Qh4+ Kg7 34. Qxd4
Qb8 35. Qh4 Nxe5 36. Qe7+ Kh6 37. Qh4+ Kg7 38. Qe7+ Kh6 39. Qh4+ Kg7 40. Qe7+
1/2-1/2

[Event "XLI MIEDZYNARODOWY MEMORIAL LUDWIKA ZAMENHOFA 2022 - open A"]
[Site "Bialystok"]
[Date "1899-12-30"]
[Round "2.23"]
[White "Vardanyan, Aras"]
[Black "Szewczyk, Mariusz"]
[Result "1/2-1/2"]
[WhiteTitle "CM"]
[BlackTitle "k"]
[WhiteElo "2271"]
[BlackElo "2094"]

1. c4 Nf6 2. Nc3 e5 3. Nf3 Nc6 4. e3 Bb4 5. Qc2 O-O 6. Nd5 Bc5 7. Ng5 g6 8. Nxf6+
Qxf6 9. Ne4 Qe7 10. Nxc5 Qxc5 11. a3 a5 12. Bd3 a4 13. h4 Qe7 14. h5 d6 15. Be4
Bd7 16. b4 axb3 17. Qxb3 Kg7 18. Bb2 Na5 19. Qc3 Bc6 20. Bd5 Bxd5 21. cxd5 c6
22. dxc6 Rfc8 23. hxg6 hxg6 24. e4 Nxc6 25. Qe3 Rh8 26. Ke2 Qe6 27. Rac1 Rad8
28. f3 f5 29. exf5 Qxf5 30. Rxh8 Rxh8 31. d4 Rh2 32. Kf2 Qh3 33. Qg5 Qh4+ 34.
Qxh4 Rxh4 35. dxe5 dxe5 36. Rc5 Ra4 37. Rb5 Ra7 38. f4 Kf7 39. fxe5 Ke6 40. Ke3
g5 41. Kf2 Ra5 42. Rxb7 Nxe5 43. Bxe5 Kxe5 44. Rb3 Ra4 45. Ke2 Rg4 46. g3 Kf5
47. Kd2 Ra4 48. Kc2 Ra8 49. Kd3 Kg4 50. Ke2 Kh3 51. Kf2 g4 52. Re3 Rf8+ 53. Ke2
Ra8 1/2-1/2

[Event "XLI MIEDZYNARODOWY MEMORIAL LUDWIKA ZAMENHOFA 2022 - open A"]
[Site "Bialystok"]
[Date "1899-12-30"]
[Round "2.24"]
[White "Azarov, Sergei"]
[Black "Posaskov, Nikita"]
[Result "1-0"]
[WhiteTitle "GM"]
[BlackTitle "k"]
[WhiteElo "2562"]
[BlackElo "2061"]

1. e4 e6 2. d4 d5 3. Nd2 c5 4. Ngf3 cxd4 5. Nxd4 Nc6 6. Bb5 Bd7 7. Nxc6 bxc6 8.
Bd3 Bd6 9. c4 Nf6 10. O-O Qc7 11. g3 O-O 12. Qc2 dxe4 13. Nxe4 Nxe4 14. Bxe4 f5
15. Bg2 Bc5 16. Bd2 Bd4 17. Bc3 Bxc3 18. Qxc3 e5 19. c5 Rfe8 20. Rfd1 Be6 21.
Rd6 e4 22. Rad1 Bd5 23. b4 Rad8 24. Rxd8 Rxd8 25. a4 a6 26. Bf1 f4 27. gxf4 Qxf4
28. Qg3 Qf7 29. b5 axb5 30. axb5 cxb5 31. Qg5 Rd7 32. Bh3 e3 33. fxe3 h6 34. Qf5
Qe8 35. Rxd5 Qxe3+ 36. Kf1 Qc1+ 37. Kg2 Qb2+ 38. Qf2 Qxf2+ 39. Kxf2 Rc7 40. Bd7
b4 41. c6 Kf7 42. Ke3 Ra7 43. Rc5 Rc7 44. Kd4 Ke7 45. Kc4 Kd6 46. Rd5+ Ke7 47.
Ra5 1-0

[Event "XLI MIEDZYNARODOWY MEMORIAL LUDWIKA ZAMENHOFA 2022 - open A"]
[Site "Bialystok"]
[Date "1899-12-30"]
[Round "2.25"]
[White "Rozycki, Bartlomiej"]
[Black "Nasuta, Grzegorz"]
[Result "0-1"]
[WhiteTitle "k++"]
[BlackTitle "GM"]
[WhiteElo "2196"]
[BlackElo "2546"]

1. d4 d5 2. c4 c6 3. Nf3 Nf6 4. e3 Bf5 5. Nc3 e6 6. Nh4 Be4 7. f3 Bg6 8. Qb3 Qc7
9. Bd2 Be7 10. cxd5 cxd5 11. Nxg6 hxg6 12. O-O-O Nc6 13. Kb1 a6 14. Rc1 Nd7 15.
Bd3 Qb6 16. Qd1 Rc8 17. g4 g5 18. Ka1 g6 19. Bb1 Bf6 20. Qe1 Kf8 21. Qg3 Qc7 22.
Qg2 Nb6 23. e4 Qd8 24. e5 Be7 25. f4 Nc4 26. f5 Nxd4 27. fxg6 Qa5 28. Bc2 Qb4
29. Bb3 Nxb3+ 30. axb3 Qxb3 31. Be1 fxg6 32. Na2 Kg7 33. Rc3 Qd1+ 34. Rc1 Ne3
35. Rxd1 Nxg2 36. Bg3 Ne3 0-1

[Event "XLI MIEDZYNARODOWY MEMORIAL LUDWIKA ZAMENHOFA 2022 - open A"]
[Site "Bialystok"]
[Date "1899-12-30"]
[Round "2.26"]
[White "Psyk, Radoslaw"]
[Black "Salna, Aleksandras"]
[Result "0-1"]
[WhiteTitle "k++"]
[BlackTitle "k"]
[WhiteElo "2438"]
[BlackElo "2191"]

1. e4 c5 2. Nf3 Nc6 3. Bb5 g6 4. O-O Bg7 5. c3 e5 6. d4 cxd4 7. cxd4 exd4 8. Bf4
a6 9. Ba4 Nge7 10. Bd6 b5 11. Bb3 Bb7 12. Re1 Nc8 13. e5 Nxd6 14. exd6+ Kf8 15.
Nbd2 Bf6 16. Ne4 Kg7 17. Bd5 Na5 18. Bxb7 Nxb7 19. g4 h6 20. h4 Kg8 21. Qb3 Na5
22. Qd5 Nc6 23. g5 hxg5 24. hxg5 Bg7 25. Kg2 Rc8 26. Rh1 Nb4 27. Rxh8+ Bxh8 28.
Qb3 Nc2 29. Rh1 Qe8 30. Nfd2 Qe6 31. Qg3 Be5 32. Qh4 Qd5 33. Qh3 Qe6 34. Qh4 Qd5
35. Qh3 Qe6 36. Qh7+ Kf8 37. Qh6+ Kg8 38. Rh4 Ne3+ 39. fxe3 dxe3 40. Nf6+ Bxf6
41. gxf6 Qxf6 42. Ne4 Rc2+ 43. Kg3 Qe5+ 44. Kf3 e2 45. Qh7+ Kf8 46. Qh6+ Kg8 47.
Qh7+ Kf8 48. Qh8+ Qxh8 49. Rxh8+ Kg7 50. Rh1 Rxb2 51. a3 f5 52. Nc5 Rd2 53. Re1
Rxd6 54. Rxe2 Kf6 55. Re8 g5 56. Ra8 Ke5 57. Ke3 f4+ 58. Kf3 Rc6 59. Re8+ Kd4
60. Ne4 Re6 61. Rxe6 dxe6 62. Nxg5 e5 63. Ne6+ Kc4 64. Ke4 a5 65. Kxe5 f3 66.
Ng5 f2 67. Ne4 b4 68. axb4 a4 69. b5 a3 70. b6 a2 71. Nd2+ Kd3 72. Nb3 f1=Q 73.
b7 Qf8 74. Kd5 Qf7+ 75. Kc6 Qxb3 0-1

[Event "XLI MIEDZYNARODOWY MEMORIAL LUDWIKA ZAMENHOFA 2022 - open A"]
[Site "Bialystok"]
[Date "1899-12-30"]
[Round "2.27"]
[White "Daniel, Damian"]
[Black "Krzywda, Andrzej"]
[Result "1-0"]
[WhiteTitle "CM"]
[BlackTitle "CM"]
[WhiteElo "2169"]
[BlackElo "2262"]

1. d4 Nf6 2. c4 c5 3. d5 a6 4. a4 d6 5. Nc3 g6 6. e4 Bg7 7. h3 e6 8. Bd3 O-O 9.
Nf3 exd5 10. cxd5 c4 11. Bxc4 Nxe4 12. Nxe4 Re8 13. O-O Rxe4 14. Bd3 Re8 15. Bg5
Bf6 16. Bxf6 Qxf6 17. Re1 Rf8 18. Qd2 Nd7 19. b4 a5 20. bxa5 Nc5 21. Ra3 Kg7 22.
Bb5 h6 23. Rae3 Bd7 24. Nd4 Kg8 25. Rf3 Qg7 26. Bxd7 Nxd7 27. Nf5 Qh8 28. Nxd6
Ne5 29. Rf4 Ra6 30. Nxb7 Rb8 31. Qe2 Ra7 32. a6 Re8 33. Re4 Raa8 34. Rxe5 Rf8
35. d6 Qf6 36. d7 1-0

[Event "XLI MIEDZYNARODOWY MEMORIAL LUDWIKA ZAMENHOFA 2022 - open A"]
[Site "Bialystok"]
[Date "1899-12-30"]
[Round "2.28"]
[White "Rudzinska, Michalina"]
[Black "Wikar, Martyna"]
[Result "1/2-1/2"]
[WhiteTitle "WFM"]
[BlackTitle "WFM"]
[WhiteElo "2256"]
[BlackElo "2185"]

1. e4 c5 2. Nf3 Nc6 3. d4 cxd4 4. Nxd4 e5 5. Nb5 d6 6. c4 Be6 7. Be2 Nf6 8. N1c3
a6 9. Na3 g6 10. Be3 Bg7 11. Qd2 O-O 12. O-O Nd4 13. Rfd1 Rc8 14. Rac1 Nd7 15.
Bf1 Nb8 16. Ne2 Nbc6 17. Nxd4 Nxd4 18. b3 Rc6 19. Bxd4 exd4 20. Nc2 Qh4 21. g3
Qxe4 22. Bg2 Qe5 23. Bxc6 bxc6 24. Nxd4 Bg4 25. f3 Bd7 26. Ne2 c5 27. Nf4 Bc6
28. Nd5 Kh8 29. Re1 Qh5 30. Kg2 Bd4 31. Re4 Bxd5 32. g4 Bxe4 33. gxh5 Bc6 34.
h6 g5 35. h3 Rg8 36. Kg3 Be5+ 37. Kf2 Bd4+ 38. Ke2 f5 39. Rf1 d5 40. Qd3 dxc4
41. bxc4 Be8 42. Rb1 Bg6 43. Rb7 Re8+ 44. Kf1 f4 45. Qb3 Bf5 46. Kg2 Re2+ 47.
Kf1 Re8 48. Kg2 Re2+ 49. Kf1 1/2-1/2

[Event "XLI MIEDZYNARODOWY MEMORIAL LUDWIKA ZAMENHOFA 2022 - open A"]
[Site "Bialystok"]
[Date "1899-12-30"]
[Round "2.29"]
[White "Waszczuk, Patrycja"]
[Black "Golecki, Jan"]
[Result "1-0"]
[WhiteTitle "WFM"]
[BlackTitle "k"]
[WhiteElo "2251"]
[BlackElo "2152"]

1. e4 e5 2. Nf3 Nc6 3. Bb5 a6 4. Ba4 d6 5. c3 Bd7 6. d4 g6 7. d5 Nb8 8. c4 Bg7
9. Nc3 Ne7 10. Bxd7+ Nxd7 11. O-O O-O 12. Be3 h6 13. Qd2 Kh7 14. Ne1 f5 15. f4
exf4 16. Bxf4 Bxc3 17. bxc3 g5 18. Bxg5 hxg5 19. Nf3 Nc5 20. Qxg5 Nxe4 21. Qh5+
Kg8 22. Ng5 Nxg5 23. Qxg5+ Kh7 24. Rae1 Ng6 25. Qh5+ Kg7 26. Re6 Ne5 27. Qh6+
Kg8 28. Re1 Qe8 29. Qg5+ Qg6 1-0

[Event "XLI MIEDZYNARODOWY MEMORIAL LUDWIKA ZAMENHOFA 2022 - open A"]
[Site "Bialystok"]
[Date "1899-12-30"]
[Round "2.30"]
[White "Kaczmarek, Arkadiusz"]
[Black "Lukasiewicz, Krzysztof"]
[Result "1/2-1/2"]
[WhiteTitle "I++"]
[BlackTitle "FM"]
[WhiteElo "2141"]
[BlackElo "2250"]

1. d4 Nf6 2. c4 e6 3. Nf3 d5 4. Nc3 Be7 5. Bf4 O-O 6. e3 Nbd7 7. c5 c6 8. h3 b6
9. b4 a5 10. a3 Ba6 11. Bxa6 Rxa6 12. b5 cxb5 13. c6 Qc8 14. c7 b4 15. Nb5 bxa3
16. O-O Ne4 17. Qa4 Re8 18. Rfc1 Bf8 19. Rc2 Ra8 20. Ne1 e5 21. Bh2 Nd6 22. Nxa3
Ra7 23. Rac1 Rb7 24. Qc6 b5 25. Qxd5 Nb6 26. Qc6 Nbc4 27. Nxc4 Nxc4 28. Bxe5 Rb6
29. Qd5 Nxe5 30. dxe5 a4 31. Rc6 Rb7 32. Nd3 b4 33. Nf4 b3 34. e6 Re7 35. exf7+
Rxf7 36. Qd8 Rbxc7 37. Qxc8 Rxc8 38. Rxc8 b2 39. Rb1 a3 40. Ra8 Rc7 41. Ne2 Rc2
42. Kf1 Kf7 43. Ra4 Bc5 44. Ke1 Bb4+ 45. Kf1 Bc5 46. Ke1 Bb4+ 47. Kd1 Rd2+ 48.
Ke1 Rc2+ 1/2-1/2

[Event "XLI MIEDZYNARODOWY MEMORIAL LUDWIKA ZAMENHOFA 2022 - open A"]
[Site "Bialystok"]
[Date "1899-12-30"]
[Round "2.31"]
[White "Janeczko, Jakub"]
[Black "Wojdak, Jan"]
[Result "1-0"]
[WhiteTitle "I++"]
[BlackTitle "k"]
[WhiteElo "2247"]
[BlackElo "2115"]

1. e4 c6 2. d4 d5 3. e5 Bf5 4. Nf3 e6 5. Be2 Nd7 6. O-O a6 7. a4 c5 8. Be3 Ne7
9. c3 cxd4 10. cxd4 Nc6 11. Nc3 Be7 12. Ne1 Ndxe5 13. g4 Bg6 14. f4 Nd7 15. f5
exf5 16. gxf5 Bd6 17. fxg6 Bxh2+ 18. Kxh2 hxg6+ 19. Kg1 Qh4 20. Ng2 g5 1-0

[Event "XLI MIEDZYNARODOWY MEMORIAL LUDWIKA ZAMENHOFA 2022 - open A"]
[Site "Bialystok"]
[Date "1899-12-30"]
[Round "2.32"]
[White "Dwilewicz, Katarzyna"]
[Black "Luberanski, Jakub"]
[Result "0-1"]
[WhiteTitle "WFM"]
[BlackTitle "FM"]
[WhiteElo "2123"]
[BlackElo "2243"]

1. e4 e6 2. d4 d5 3. e5 c5 4. c3 Nc6 5. Nf3 Qb6 6. Be2 Nh6 7. Bxh6 gxh6 8. Qd2
Bd7 9. O-O O-O-O 10. Na3 Kb8 11. Nc2 Bg7 12. Rfb1 Rhf8 13. Ne3 f6 14. exf6 Bxf6
15. Ng4 Bg7 16. Rd1 h5 17. Nge5 Nxe5 18. dxe5 Be8 19. Bd3 h6 20. Qe2 Qc7 21. Re1
Bc6 22. Rad1 Qe7 23. g3 Rg8 24. Nh4 Bf8 25. Ng6 Qf7 26. Qxh5 c4 27. Qh4 Bc5 28.
Qf4 Qe8 29. Qxh6 cxd3 30. Nf4 d4 31. Qxe6 Qf8 32. Qf6 dxc3 33. Nxd3 c2 34. Rd2
Qxf6 35. exf6 Bb4 36. Nxb4 Rxd2 37. f7 Rf8 38. Nxc6+ bxc6 39. Re8+ Rd8 0-1

[Event "XLI MIEDZYNARODOWY MEMORIAL LUDWIKA ZAMENHOFA 2022 - open A"]
[Site "Bialystok"]
[Date "1899-12-30"]
[Round "2.33"]
[White "Zalega, Maciej"]
[Black "Smolka, Marcin"]
[Result "1/2-1/2"]
[WhiteTitle "I++"]
[BlackTitle "CM"]
[WhiteElo "2116"]
[BlackElo "2217"]

1. e4 e5 2. Nf3 Nc6 3. Nc3 Nf6 4. d4 exd4 5. Nxd4 Bb4 6. Nxc6 bxc6 7. Bd3 O-O 8.
O-O d5 9. exd5 cxd5 10. Bg5 c6 11. Qf3 Bd6 12. Rfe1 Rb8 13. Rab1 h6 14. Bxf6 Qxf6
15. Qxf6 gxf6 16. Ne2 c5 17. b3 Be6 1/2-1/2

[Event "XLI MIEDZYNARODOWY MEMORIAL LUDWIKA ZAMENHOFA 2022 - open A"]
[Site "Bialystok"]
[Date "1899-12-30"]
[Round "2.34"]
[White "Backiel, Hubert"]
[Black "Greicius, Pijus"]
[Result "1-0"]
[WhiteTitle "k"]
[BlackTitle "k"]
[WhiteElo "2208"]
[BlackElo "2076"]

1. e4 e5 2. Nf3 Nc6 3. Bb5 a6 4. Ba4 Nf6 5. O-O Be7 6. Re1 b5 7. Bb3 d6 8. c3 O-O
9. h3 Nb8 10. d4 Nbd7 11. Nbd2 Bb7 12. Bc2 Re8 13. Nf1 Bf8 14. Ng3 g6 15. a4 c5
16. d5 c4 17. Bg5 h6 18. Be3 Bg7 19. Qd2 Kh7 20. Rf1 Qe7 21. Nh2 Rac8 22. axb5
axb5 23. Ra5 Nc5 24. Rxb5 Qd7 25. Ra5 Qc7 26. Rfa1 Nfd7 27. Qe2 Qb6 28. R1a2 Ra8
29. Rxa8 Rxa8 30. Qxc4 Rc8 31. Qf1 Ba6 32. Qa1 Bc4 33. Ra7 Qb5 34. b4 Bb3 35.
Bxb3 Nxb3 36. Qb2 Nbc5 37. c4 1-0

[Event "XLI MIEDZYNARODOWY MEMORIAL LUDWIKA ZAMENHOFA 2022 - open A"]
[Site "Bialystok"]
[Date "1899-12-30"]
[Round "2.35"]
[White "Praczukowski, Stanislaw"]
[Black "Maj, Pawel"]
[Result "1/2-1/2"]
[WhiteTitle "k"]
[BlackTitle "k"]
[WhiteElo "2114"]
[BlackElo "2203"]

1. d4 Nf6 2. Nf3 e6 3. g3 d5 4. Bg2 Be7 5. O-O Nbd7 6. c4 O-O 7. Qc2 c6 8. Nbd2
b6 9. e4 dxe4 10. Nxe4 Nxe4 11. Qxe4 Bb7 12. Rd1 Nf6 13. Qc2 Qc8 14. c5 Rd8 15.
Bf4 Nd5 16. Bg5 Qc7 17. Rac1 Re8 18. Bxe7 Qxe7 19. Nd2 Red8 20. Ne4 Rab8 21. a3
b5 22. Nd6 Nf6 23. a4 a6 24. axb5 axb5 25. Ra1 Ne8 26. Nxe8 Rxe8 27. Ra7 Ra8 28.
Rda1 Rxa7 29. Rxa7 Ra8 30. Rxa8+ Bxa8 31. Qc3 Qa7 32. Qa3 Qxa3 33. bxa3 Kf8 34.
Kf1 Ke7 35. Ke2 Bb7 36. Kd3 h6 37. Kc3 Kd7 38. Kb4 Kc7 39. f4 g6 40. Bf3 Bc8 41.
Bd1 Bd7 42. Be2 Be8 43. a4 bxa4 44. Bc4 Bd7 45. Kxa4 Be8 46. Kb4 Bd7 47. Kc3 Kd8
48. Kd3 Ke7 49. Ke4 Be8 50. Be2 Bd7 51. h4 h5 52. Ke3 f5 53. Kd2 Kd8 54. Kc3 Bc8
55. Kb4 Kc7 56. Ka5 Bd7 57. Ba6 Be8 58. Bc4 Bd7 59. Ka6 Bc8+ 60. Ka7 Bd7 61. Ba6
Be8 1/2-1/2

[Event "XLI MIEDZYNARODOWY MEMORIAL LUDWIKA ZAMENHOFA 2022 - open A"]
[Site "Bialystok"]
[Date "1899-12-30"]
[Round "3.1"]
[White "Baum, Jonasz"]
[Black "Bernadskiy, Vitaliy"]
[Result "1/2-1/2"]
[WhiteTitle "IM"]
[BlackTitle "GM"]
[WhiteElo "2420"]
[BlackElo "2617"]

1. d4 e6 2. c4 c5 3. d5 exd5 4. cxd5 d6 5. Nc3 g6 6. g3 Bg7 7. Bg2 Ne7 8. Nf3 O-O
9. O-O h6 10. Nd2 Nd7 11. a4 Nf5 12. Nc4 Nb6 13. Na3 Re8 14. Bf4 g5 15. Bd2 Nd7
16. Nc4 Ne5 17. Nxe5 Rxe5 18. e4 Nd4 19. f4 gxf4 20. Bxf4 Qe7 21. Bxe5 Qxe5 22.
Nb5 Nxb5 23. axb5 Bd7 24. Qf3 Rf8 25. Rxa7 Bxb5 26. Rf2 Ba6 27. Bf1 c4 28. Rxa6
bxa6 29. Bxc4 a5 30. Kg2 Kh8 31. b3 Rc8 32. Qf5 Qxf5 33. exf5 Bd4 34. Rf4 Be5
35. Rg4 1/2-1/2

[Event "XLI MIEDZYNARODOWY MEMORIAL LUDWIKA ZAMENHOFA 2022 - open A"]
[Site "Bialystok"]
[Date "1899-12-30"]
[Round "3.2"]
[White "Heberla, Bartlomiej"]
[Black "Klimkowski, Jan"]
[Result "0-1"]
[WhiteTitle "GM"]
[BlackTitle "FM"]
[WhiteElo "2568"]
[BlackElo "2447"]

1. d4 Nf6 2. Nf3 g6 3. b3 Bg7 4. Bb2 O-O 5. e3 d5 6. Be2 b6 7. O-O Bb7 8. c4 e6
9. Nc3 Ne4 10. cxd5 Nxc3 11. Bxc3 exd5 12. Rc1 Nd7 13. Bb2 Rc8 14. Bd3 Re8 15.
Qe2 c6 16. Ba3 b5 17. Bd6 Re6 18. Bg3 a5 19. Rc2 b4 20. Ba6 Bxa6 21. Qxa6 c5 22.
Qb7 Rec6 23. Rfc1 c4 24. Qb5 Qb6 25. Qxb6 Nxb6 26. Rb1 Bf8 27. Rd2 a4 28. bxa4
Nxa4 29. Ne5 Ra6 30. f3 Nc3 31. Rbb2 Rca8 0-1

[Event "XLI MIEDZYNARODOWY MEMORIAL LUDWIKA ZAMENHOFA 2022 - open A"]
[Site "Bialystok"]
[Date "1899-12-30"]
[Round "3.3"]
[White "Gumularz, Szymon"]
[Black "Seemann, Jakub"]
[Result "1-0"]
[WhiteTitle "GM"]
[BlackTitle "FM"]
[WhiteElo "2561"]
[BlackElo "2365"]

1. c4 Nf6 2. Nc3 e5 3. g3 d5 4. cxd5 Nxd5 5. Bg2 Nb6 6. Nf3 Nc6 7. O-O Be7 8. b3
O-O 9. Bb2 Re8 10. Rc1 Bf8 11. Ne4 Nd4 12. Nxd4 exd4 13. e3 dxe3 14. fxe3 f5 15.
Nc5 Nd5 16. b4 c6 17. Qb3 Bxc5 18. bxc5 h5 19. Kh1 Re7 20. Qd1 Qe8 21. Bf3 g6
22. Qa4 Be6 23. Rce1 Kh7 24. Qh4 Nc7 25. e4 Bc4 26. d3 Bxd3 27. Bxh5 gxh5 28.
Rxf5 1-0

[Event "XLI MIEDZYNARODOWY MEMORIAL LUDWIKA ZAMENHOFA 2022 - open A"]
[Site "Bialystok"]
[Date "1899-12-30"]
[Round "3.4"]
[White "Kowalski, Igor"]
[Black "Teclaf, Pawel"]
[Result "0-1"]
[WhiteTitle "IM"]
[BlackTitle "IM"]
[WhiteElo "2344"]
[BlackElo "2555"]

1. d4 Nf6 2. c4 e6 3. Nf3 b6 4. g3 Ba6 5. b3 Bb4+ 6. Bd2 Be7 7. Bg2 c6 8. O-O O-O
9. Bf4 d5 10. Ne5 Nfd7 11. Nd2 Nxe5 12. Bxe5 Nd7 13. Bf4 Bf6 14. cxd5 exd5 15.
Nf3 Re8 16. Re1 g5 17. Be3 g4 18. Nh4 Bxh4 19. gxh4 Qxh4 20. Qd2 Qh5 21. Bf4 g3
22. hxg3 Bxe2 23. Qc3 Re6 24. f3 Rae8 25. Kf2 Qf5 26. Rh1 Bb5 27. Bh3 Re2+ 28.
Kg1 Qg6 29. Bxd7 R8e3 30. Qb4 a5 31. Rh6 axb4 32. Rxg6+ hxg6 33. Bxe3 Rxe3 34.
Kf2 Re7 35. Bh3 Re2+ 36. Kg1 Rd2 37. Bd7 Rxd4 38. Rc1 Rd3 39. Bxc6 Rc3 0-1